Word and presence: (Record no. 6361)

MARC details
000 -LEADER
fixed length control field 00602nam a22001937a 4500
003 - CONTROL NUMBER IDENTIFIER
control field GBCCL
005 - DATE AND TIME OF LATEST TRANSACTION
control field 20241126110601.0
008 - FIXED-LENGTH DATA ELEMENTS--GENERAL INFORMATION
fixed length control field 180510b ||||| |||| 00| 0 eng d
020 ## - INTERNATIONAL STANDARD BOOK NUMBER
International Standard Book Number 1871828171
040 ## - CATALOGING SOURCE
Transcribing agency gbc
082 ## - DEWEY DECIMAL CLASSIFICATION NUMBER
Classification number 222.1507
Item number CAI
100 ## - MAIN ENTRY--PERSONAL NAME
Personal name Cairns, Ian
9 (RLIN) 11391
245 ## - TITLE STATEMENT
Title Word and presence:
Remainder of title A commentary on the book of Deuteronomy /
Statement of responsibility, etc. Ian Cairns
260 ## - PUBLICATION, DISTRIBUTION, ETC.
Place of publication, distribution, etc. Grand Rapids:
Name of publisher, distributor, etc. Wm. B. Eerdmans Publishing,
Date of publication, distribution, etc. 1992
300 ## - PHYSICAL DESCRIPTION
Extent 309 p.;
Dimensions 21 cm.
440 ## - SERIES STATEMENT/ADDED ENTRY--TITLE
Title International Theological Commentary
9 (RLIN) 11392
650 ## - SUBJECT ADDED ENTRY--TOPICAL TERM
Topical term or geographic name entry element Bible
Form subdivision O.T.
General subdivision Deuteronomy
-- Commentaries
9 (RLIN) 11393
942 ## - ADDED ENTRY ELEMENTS (KOHA)
Source of classification or shelving scheme Dewey Decimal Classification
Koha item type Books
Koha issues (borrowed), all copies 10
Holdings
Withdrawn status Lost status Source of classification or shelving scheme Damaged status Not for loan Home library Current Library Shelving location Date acquired Total checkouts Total renewals Full call number Barcode Date last seen Date last checked out Copy number Price effective from Koha item type
    Dewey Decimal Classification     GRACE BIBLE COLLEGE GRACE BIBLE COLLEGE Biblical Studies 2018-05-10 10 1 222.1507 CAI 003719 2025-05-01 2024-09-30 c.1 2018-05-10 Books
© Grace Bible College Library 2025